Clinical biochemistry / (Record no. 19471)
[ view plain ]
| 000 -LEADER | |
|---|---|
| fixed length control field | 00914cam a22002775a 4500 |
| 001 - CONTROL NUMBER | |
| control field | 16623962 |
| 005 - DATE AND TIME OF LATEST TRANSACTION | |
| control field | 20150531113104.0 |
| 008 - FIXED-LENGTH DATA ELEMENTS--GENERAL INFORMATION | |
| fixed length control field | 110125t2011 enka frbd f001 0 eng d |
| 020 ## - INTERNATIONAL STANDARD BOOK NUMBER | |
| International Standard Book Number | 9780199533930 |
| 040 ## - CATALOGING SOURCE | |
| Original cataloging agency | NLM |
| Language of cataloging | eng |
| Transcribing agency | NLM |
| Modifying agency | QCL |
| -- | CDX |
| -- | YDXCP |
| -- | GZW |
| -- | UPM |
| -- | DLC |
| -- | EG-ScBUE |
| 082 04 - DEWEY DECIMAL CLASSIFICATION NUMBER | |
| Classification number | 612.015 |
| Item number | CLI |
| Edition number | 22 |
| 245 00 - TITLE STATEMENT | |
| Title | Clinical biochemistry / |
| Statement of responsibility, etc | edited by Nessar Ahmed. |
| 260 ## - PUBLICATION, DISTRIBUTION, ETC. (IMPRINT) | |
| Place of publication, distribution, etc | Oxford ; |
| -- | New York : |
| Name of publisher, distributor, etc | Oxford University Press, |
| Date of publication, distribution, etc | c.2011. |
| 300 ## - PHYSICAL DESCRIPTION | |
| Extent | xxv, 714 p. : |
| Other physical details | ill. (col.) ; |
| Dimensions | 25 cm. |
| 490 0# - Series Statement | |
| Series statement | Fundamentals of biomedical science |
| 500 ## - GENERAL NOTE | |
| General note | Index : p. 693-714. |
| 500 ## - GENERAL NOTE | |
| General note | Glossary : p. 669-691. |
| 504 ## - BIBLIOGRAPHY, ETC. NOTE | |
| Bibliography, etc | Includes bibliographical references. |
| 650 #0 - SUBJECT ADDED ENTRY--TOPICAL TERM | |
| Topical term or geographic name as entry element | Biochemistry. |
| Source of heading or term | BUEsh |
| 650 22 - SUBJECT ADDED ENTRY--TOPICAL TERM | |
| Topical term or geographic name as entry element | Chemistry, Clinical |
| General subdivision | methods. |
| Source of heading or term | BUEsh |
| 651 ## - SUBJECT ADDED ENTRY--GEOGRAPHIC NAME | |
| Source of heading or term | BUEsh |
| 653 ## - INDEX TERM--UNCONTROLLED | |
| Resource For college | Pharmacy |
| Arrived date list | May2015 |
| 655 ## - INDEX TERM--GENRE/FORM | |
| Form subdivision | |
| -- | 34232 |
| 700 1# - ADDED ENTRY--PERSONAL NAME | |
| Personal name | Ahmed, Nessar, |
| Relator term | editor. |
| 942 ## - ADDED ENTRY ELEMENTS (KOHA) | |
| Source of classification or shelving scheme | Dewey Decimal Classification |
| Call number prefix | 612.015 CLI |
| Withdrawn status | Item status | Source of classification or shelving scheme | Damaged status | Not for loan | Vendor | Home library | Current library | Shelving location | Date acquired | Source of acquisition | Cost, normal purchase price | Total Checkouts | Total Renewals | Full call number | Barcode | Date last seen | Date last borrowed | Cost, replacement price | Koha item type |
|---|---|---|---|---|---|---|---|---|---|---|---|---|---|---|---|---|---|---|---|
| Dewey Decimal Classification | Baccah | Central Library | Central Library | First floor | 28/05/2015 | 320.00 | 4 | 15 | 612.015 CLI | 000038355 | 15/07/2025 | 07/11/2021 | 400.00 | Book - Borrowing | |||||
| Dewey Decimal Classification | Baccah | Central Library | Central Library | First floor | 28/05/2015 | 320.00 | 3 | 11 | 612.015 CLI | 000038354 | 15/07/2025 | 05/03/2018 | 400.00 | Book - Borrowing | |||||
| Dewey Decimal Classification | Baccah | Central Library | Central Library | First floor | 28/05/2015 | 320.00 | 5 | 11 | 612.015 CLI | 000038374 | 15/07/2025 | 29/02/2024 | 400.00 | Book - Borrowing |